000 00573nam a22001577a 4500
005 20251108170932.0
008 250721s9999 xx 000 0 ara d
082 1 4 _aم/347/عبد
100 1 _aالسنهوري، عبد الرزاق أحمد
245 1 0 _aشرح القانون المدني :
_bالنظرية العامة للإلتزامات : نظرية العقد /
264 1 _aبيروت :
_bالمجمع العلمي العربي الإسلامي،
_c[19-].
300 _a1030ص
650 1 7 _aالقانون المدني
942 _2ddc
_cREF
999 _c52522
_d52522